MARC

LEADER 00000nam0a2200000 4500
001 268210
005 20231101234140.0
035 |a (RuTPU)RU\TPU\book\291342 
090 |a 268210 
100 |a 20140828d1987 k y0rusy50 ca 
101 0 |a rus 
102 |a RU 
105 |a a z 001zy 
200 1 |a Методы оптимизации сложных систем  |f Академия наук СССР (АН СССР), Институт проблем управления им. В. А. Трапезникова (ИПУ) ; под ред. Я. З. Цыпкина 
210 |a Москва  |c Наука  |d 1987 
215 |a 168 с.  |c ил. 
320 |a Библиография в конце статей 
606 1 |a Сложные системы  |x Оптимизация  |2 stltpush  |3 (RuTPU)RU\TPU\subj\55202  |9 73262 
610 1 |a теория управления 
610 1 |a дифференциальные игры 
610 1 |a двумерные системы 
610 1 |a управление 
610 1 |a распределенные системы 
610 1 |a оптимальное проектирование 
610 1 |a сборники 
675 |a 681.51.015.2  |v 3 
702 1 |a Цыпкин  |b Я. З.  |4 340 
712 0 2 |a Академия наук СССР (АН СССР)  |b Институт проблем управления им. В. А. Трапезникова (ИПУ)  |c (Москва)  |2 stltpush  |3 (RuTPU)RU\TPU\col\6782 
801 1 |a RU  |b 63413507  |c 20140828 
801 2 |a RU  |b 63413507  |c 20151124  |g RCR 
942 |c BK